000 00719nam a22002177a 4500
003 UA-OsUOA
001 66144
007 ta
008 20091221b un ||||| |||| 00| 0 ukr d
100 _aБегма В.
090 _a32
_bБ37
942 _cSA
040 _aUA-OsUOA
_bukr
_cUA-OsUOA
_dUA-OsUOA
245 _aНові виклики та загрози в сучасних геополітичних умовах та місце силового компонента в системі національної безпеки держави
300 _aС.20-32
955 _a0
041 _aukr
080 _a32
773 0 _w66139
_tУкраїна - НАТО
_dК.
_d2009
_g3
650 7 _a32 Політика
_2UDC
999 _c351954
_d351954